000 01057cam a2200301 i 4500
001 70118
003 Mx-PuUPA
005 20230614103507.0
008 230614s2021 sp ad||fr|||| 00| 0 spa d
017 _aM-6569-2021
020 _a9788498359275
040 _aMx-PuUPA
_bspa
_cMx-PuUPA
_dMx-PuUPA
_erda
041 0 _aspa
245 1 0 _aHistología para estudiantes /
_cAna Cristina Villaro Gumpert
264 1 _aMadrid, España :
_bEditorial Médica Panamericana,
_c©2021
300 _axiii, 718 páginas :
_bilustraciones, diagramas, tablas ;
_c28 cm
336 _2rdacontent
_atexto
_btxt
337 _2rdamedia
_asin medio
_bn
338 _2rdacarrier
_avolumen
_bnc
650 7 _2armarc
_aHistología
650 7 _2armarc
_aHistología
_vManuales
650 7 _2armarc
_aHistología
_xEnseñanza
700 1 _aVillaro Gumpert, Ana Cristina,
_eeditor
_914309
942 _2ddc
_cLI
_h611.018
_iH6735
999 _c70118
_d70118